000 00331nam a2200133Ia 4500
008 151001s9999||||xx |||||||||||||| ||und||
100 _aअनंत वासुदेव वाईरकर
245 _aछोटी आई
250 _a1
260 _bक्ष
260 _c1995
300 _a129
365 _b21
999 _c972352
_d972349